000 00280nam a22001217a 4500
008 170522b xxu||||| |||| 00| 0 eng d
041 _aeng
080 _23 ED
_a94
100 _a16
101 _aSHH
245 _aA BRIEF HISTORY OF WESTERN MAN
_cGREER.TH.H
942 _2udc
_cBK
999 _c13613
_d13613